000 00802nam a2200253 i 4500
001 86967
003 ES-MaACL
005 20250828090937.0
007 t|
008 041217s1971 sp ||||1| spa d
080 _a929 Kono, Makoto
080 _a929 Oóshima, Michico
100 1 _aKono, Makoto.
_9173115
245 1 0 _aCrónica de amor y muerte /
_cMakoto Kono, Michico Oóshima ; tradujo, José Miguel Vara.
260 _aMadrid :
_bSociedad de Educación Atenas,
_c1971.
300 _a246 p. ;
_c19 cm.
490 1 _aTestigos del hombre ;
_v7
700 1 _aOóshima, Michico.
_9173116
700 1 _aVara, José Miguel.
_9113110
710 2 _aSociedad de Educación Atenas
_96665
830 1 _aTestigos del hombre ;
_v7
_9183342
852 _aES-MaACL
_jC-41574
999 _c86967
_d86967